[Event "Campeonato de España Universitario 2024"]
[Site "Zaragoza, Spain"]
[Date "2024.04.23"]
[Round "3.3"]
[White "Diaz Mino, Pablo"]
[Black "Quintin Navarro, Alberto"]
[Result "0-1"]
[WhiteFideId "24520470"]
[BlackFideId "2292688"]
[WhiteElo "2119"]
[BlackElo "2310"]

1. Nf3 {[%clk 00:15:19]} d5 {[%clk 00:12:27]} {[%emt 00:02:52]} 2. g3 {[%clk
00:15:26]} {[%emt 00:00:03]} c6 {[%clk 00:12:32]} {[%emt 00:00:05]} 3. Bg2
{[%clk 00:15:33]} {[%emt 00:00:03]} Bg4 {[%clk 00:12:41]} {[%emt 00:00:01]} 4.
O-O {[%clk 00:15:38]} {[%emt 00:00:05]} Nd7 {[%clk 00:12:50]} 5. d4 {[%clk
00:15:44]} {[%emt 00:00:04]} e6 {[%clk 00:12:59]} {[%emt 00:00:01]} 6. b3
{[%clk 00:14:52]} {[%emt 00:01:02]} Ngf6 {[%clk 00:12:40]} {[%emt 00:00:29]} 7.
Bb2 {[%clk 00:14:49]} {[%emt 00:00:13]} Ne4 {[%clk 00:12:03]} {[%emt 00:00:48]}
8. Nfd2 {[%clk 00:14:38]} {[%emt 00:00:21]} Nxd2 {[%clk 00:11:55]} {[%emt
00:00:18]} 9. Nxd2 {[%clk 00:14:42]} {[%emt 00:00:06]} Be7 {[%clk 00:11:41]}
{[%emt 00:00:24]} 10. Nf3 {[%clk 00:14:24]} {[%emt 00:00:28]} O-O {[%clk
00:11:36]} {[%emt 00:00:15]} 11. a4 {[%clk 00:14:32]} {[%emt 00:00:02]} a5
{[%clk 00:11:33]} {[%emt 00:00:13]} 12. Qd2 {[%clk 00:14:06]} {[%emt 00:00:36]}
Bxf3 {[%clk 00:11:00]} {[%emt 00:00:43]} 13. Bxf3 {[%clk 00:14:09]} {[%emt
00:00:07]} b5 {[%clk 00:10:50]} {[%emt 00:00:21]} 14. c4 {[%clk 00:13:58]}
{[%emt 00:00:21]} bxc4 {[%clk 00:10:50]} {[%emt 00:00:10]} 15. bxc4 {[%clk
00:14:06]} {[%emt 00:00:02]} Nb6 {[%clk 00:10:59]} {[%emt 00:00:01]} 16. c5
{[%clk 00:13:43]} {[%emt 00:00:32]} Nc4 {[%clk 00:11:07]} {[%emt 00:00:01]} 17.
Qc2 {[%clk 00:13:47]} {[%emt 00:00:06]} Nxb2 {[%clk 00:08:30]} {[%emt
00:02:48]} 18. Qxb2 {[%clk 00:13:53]} {[%emt 00:00:04]} Rb8 {[%clk 00:08:38]}
{[%emt 00:00:01]} 19. Qd2 {[%clk 00:13:37]} {[%emt 00:00:25]} Qc7 {[%clk
00:08:15]} {[%emt 00:00:35]} 20. Rab1 {[%clk 00:13:40]} {[%emt 00:00:07]} Bf6
{[%clk 00:08:10]} {[%emt 00:00:14]} 21. e4 {[%clk 00:11:28]} {[%emt 00:02:22]}
dxe4 {[%clk 00:08:00]} {[%emt 00:00:20]} 22. Bxe4 {[%clk 00:11:36]} {[%emt
00:00:02]} Rfd8 {[%clk 00:07:29]} {[%emt 00:00:41]} 23. Rxb8 {[%clk 00:11:18]}
{[%emt 00:00:29]} Rxb8 {[%clk 00:07:38]} {[%emt 00:00:02]} 24. Rb1 {[%clk
00:10:27]} {[%emt 00:01:00]} Rd8 {[%clk 00:07:38]} {[%emt 00:00:10]} 25. Rb6
{[%clk 00:09:35]} {[%emt 00:01:02]} Bxd4 {[%clk 00:07:08]} {[%emt 00:00:40]} 26.
Qc2 {[%clk 00:09:03]} {[%emt 00:00:42]} g6 {[%clk 00:06:37]} {[%emt 00:00:42]}
27. Rxc6 {[%clk 00:08:22]} {[%emt 00:00:51]} Qe5 {[%clk 00:06:45]} {[%emt
00:00:01]} 28. Kg2 {[%clk 00:08:01]} {[%emt 00:00:31]} Rb8 {[%clk 00:06:23]}
{[%emt 00:00:32]} 29. Rb6 {[%clk 00:06:55]} {[%emt 00:01:17]} Rxb6 {[%clk
00:06:32]} {[%emt 00:00:02]} 30. cxb6 {[%clk 00:07:03]} {[%emt 00:00:02]} Bxb6
{[%clk 00:06:40]} {[%emt 00:00:01]} 31. Bf3 {[%clk 00:06:44]} {[%emt 00:00:29]}
Qd4 {[%clk 00:06:26]} {[%emt 00:00:24]} 32. Bc6 {[%clk 00:06:15]} {[%emt
00:00:39]} Kg7 {[%clk 00:06:23]} {[%emt 00:00:12]} 33. Qe2 {[%clk 00:06:06]}
{[%emt 00:00:18]} e5 {[%clk 00:05:10]} {[%emt 00:01:24]} 34. Be4 {[%clk
00:03:55]} {[%emt 00:02:21]} Qxa4 {[%clk 00:04:57]} {[%emt 00:00:23]} 35. h4
{[%clk 00:03:48]} {[%emt 00:00:17]} h5 {[%clk 00:04:10]} {[%emt 00:00:56]} 36.
Bd5 {[%clk 00:03:43]} {[%emt 00:00:15]} Qd4 {[%clk 00:04:00]} {[%emt 00:00:20]}
37. Qf3 {[%clk 00:03:24]} {[%emt 00:00:29]} f5 {[%clk 00:03:59]} {[%emt
00:00:12]} 38. Ba2 {[%clk 00:00:55]} {[%emt 00:02:39]} a4 {[%clk 00:03:18]}
{[%emt 00:00:51]} 39. Qe2 {[%clk 00:01:02]} {[%emt 00:00:01]} Qe4+ {[%clk
00:01:54]} {[%emt 00:01:35]} 40. Qxe4 {[%clk 00:00:47]} {[%emt 00:00:25]} fxe4
{[%clk 00:02:03]} {[%emt 00:00:02]} 41. f3 {[%clk 00:00:25]} {[%emt 00:00:33]}
e3 {[%clk 00:02:10]} {[%emt 00:00:02]} 42. Kf1 {[%clk 00:00:33]} {[%emt
00:00:01]} Kf6 {[%clk 00:02:01]} {[%emt 00:00:19]} 43. Ke2 {[%clk 00:00:42]}
Ke7 {[%clk 00:02:05]} {[%emt 00:00:06]} 44. Bb1 {[%clk 00:00:46]} {[%emt
00:00:06]} a3 {[%clk 00:01:18]} {[%emt 00:00:58]} 45. Kd3 {[%clk 00:00:33]}
{[%emt 00:00:22]} Kd6 {[%clk 00:01:23]} {[%emt 00:00:05]} 46. Ba2 {[%clk
00:00:40]} {[%emt 00:00:03]} Kc5 {[%clk 00:01:28]} {[%emt 00:00:05]} 47. g4
{[%clk 00:00:32]} {[%emt 00:00:18]} Kb4 {[%clk 00:01:23]} {[%emt 00:00:15]} 48.
gxh5 {[%clk 00:00:30]} {[%emt 00:00:12]} gxh5 {[%clk 00:01:32]} {[%emt
00:00:02]} 49. Bb1 {[%clk 00:00:36]} {[%emt 00:00:04]} Kb3 {[%clk 00:01:27]}
{[%emt 00:00:14]} 0-1

[Event "Campeonato de España Universitario 2024"]
[Site "Zaragoza, Spain"]
[Date "2024.04.23"]
[Round "3.4"]
[White "Cesar Maestre, Bernardo"]
[Black "Lopez Varela, Pablo"]
[Result "1-0"]
[WhiteFideId "24542547"]
[BlackFideId "32092105"]
[WhiteElo "2292"]
[BlackElo "2116"]

1. e4 {[%clk 00:15:17]} {[%emt 00:00:02]} e5 {[%clk 00:15:18]} {[%emt
00:00:03]} 2. Nf3 {[%clk 00:15:24]} {[%emt 00:00:02]} d6 {[%clk 00:15:27]}
{[%emt 00:00:02]} 3. d4 {[%clk 00:15:27]} {[%emt 00:00:07]} exd4 {[%clk
00:15:35]} {[%emt 00:00:02]} 4. Nxd4 {[%clk 00:15:33]} {[%emt 00:00:04]} Nf6
{[%clk 00:15:43]} {[%emt 00:00:02]} 5. Nc3 {[%clk 00:15:33]} {[%emt 00:00:10]}
Be7 {[%clk 00:15:51]} {[%emt 00:00:02]} 6. Bf4 {[%clk 00:15:06]} {[%emt
00:00:36]} O-O {[%clk 00:15:58]} {[%emt 00:00:03]} 7. Qd2 {[%clk 00:15:07]}
{[%emt 00:00:09]} Nc6 {[%clk 00:16:07]} {[%emt 00:00:02]} 8. O-O-O {[%clk
00:14:48]} {[%emt 00:00:27]} Nxd4 {[%clk 00:16:15]} {[%emt 00:00:03]} 9. Qxd4
{[%clk 00:14:55]} {[%emt 00:00:03]} Be6 {[%clk 00:16:23]} {[%emt 00:00:02]} 10.
Bc4 {[%clk 00:14:37]} {[%emt 00:00:28]} Bxc4 {[%clk 00:15:44]} {[%emt
00:00:49]} 11. Qxc4 {[%clk 00:14:44]} {[%emt 00:00:03]} Ng4 {[%clk 00:15:40]}
{[%emt 00:00:13]} 12. Qe2 {[%clk 00:14:33]} {[%emt 00:00:20]} Qc8 {[%clk
00:15:34]} {[%emt 00:00:17]} 13. Nd5 {[%clk 00:13:39]} {[%emt 00:01:04]} Bd8
{[%clk 00:15:42]} {[%emt 00:00:03]} 14. f3 {[%clk 00:13:10]} {[%emt 00:00:39]}
Ne5 {[%clk 00:15:50]} {[%emt 00:00:03]} 15. g4 {[%clk 00:12:54]} {[%emt
00:00:25]} b5 {[%clk 00:15:40]} {[%emt 00:00:21]} 16. h4 {[%clk 00:12:07]}
{[%emt 00:00:57]} c6 {[%clk 00:14:41]} {[%emt 00:01:09]} 17. Ne3 {[%clk
00:12:07]} {[%emt 00:00:10]} Qe6 {[%clk 00:14:49]} {[%emt 00:00:02]} 18. Kb1
{[%clk 00:12:07]} {[%emt 00:00:09]} Bb6 {[%clk 00:14:56]} {[%emt 00:00:04]} 19.
Nf5 {[%clk 00:12:04]} {[%emt 00:00:12]} Rfd8 {[%clk 00:14:16]} {[%emt
00:00:50]} 20. h5 {[%clk 00:11:56]} {[%emt 00:00:18]} a5 {[%clk 00:14:23]}
{[%emt 00:00:04]} 21. g5 {[%clk 00:11:42]} {[%emt 00:00:24]} a4 {[%clk
00:14:20]} {[%emt 00:00:13]} 22. Bc1 {[%clk 00:08:47]} {[%emt 00:03:04]} d5
{[%clk 00:08:23]} {[%emt 00:06:07]} 23. h6 {[%clk 00:06:02]} {[%emt 00:02:55]}
g6 {[%clk 00:07:42]} {[%emt 00:00:52]} 24. Ng7 {[%clk 00:05:48]} {[%emt
00:00:24]} Qc8 {[%clk 00:06:06]} {[%emt 00:01:46]} 25. exd5 {[%clk 00:05:49]}
{[%emt 00:00:08]} Nc4 {[%clk 00:06:15]} {[%emt 00:00:01]} 26. dxc6 {[%clk
00:05:21]} {[%emt 00:00:38]} Qxc6 {[%clk 00:06:23]} {[%emt 00:00:02]} 27. Rxd8+
{[%clk 00:04:52]} {[%emt 00:00:38]} Rxd8 {[%clk 00:06:23]} {[%emt 00:00:10]} 28.
Re1 {[%clk 00:04:56]} {[%emt 00:00:06]} Bc5 {[%clk 00:05:27]} {[%emt 00:01:06]}
29. Ne8 {[%clk 00:04:51]} {[%emt 00:00:15]} Kh8 {[%clk 00:01:19]} {[%emt
00:04:18]} 30. Nf6 {[%clk 00:04:46]} {[%emt 00:00:14]} Bf8 {[%clk 00:01:28]}
{[%emt 00:00:02]} 31. Qe4 {[%clk 00:03:50]} {[%emt 00:01:06]} Qxe4 {[%clk
00:01:00]} {[%emt 00:00:38]} 32. Nxe4 {[%clk 00:03:55]} {[%emt 00:00:05]} b4
{[%clk 00:00:46]} {[%emt 00:00:25]} 33. Bf4 {[%clk 00:02:39]} {[%emt 00:01:26]}
Rc8 {[%clk 00:00:30]} {[%emt 00:00:27]} 34. Rd1 {[%clk 00:01:56]} {[%emt
00:00:52]} 1-0

[Event "Campeonato de España Universitario 2024"]
[Site "Zaragoza, Spain"]
[Date "2024.04.23"]
[Round "3.5"]
[White "Lopez Mijail, Nicolas"]
[Black "Galiana Fernandez, Adrian"]
[Result "0-1"]
[WhiteFideId "24513407"]
[BlackFideId "32010150"]
[WhiteElo "2105"]
[BlackElo "2274"]

1. Nf3 {[%clk 00:15:17]} {[%emt 00:00:02]} b6 {[%clk 00:15:16]} {[%emt
00:00:04]} 2. b3 {[%clk 00:15:19]} {[%emt 00:00:08]} Bb7 {[%clk 00:15:23]}
{[%emt 00:00:04]} 3. Bb2 {[%clk 00:15:27]} {[%emt 00:00:01]} d6 {[%clk
00:15:31]} {[%emt 00:00:02]} 4. d4 {[%clk 00:15:30]} {[%emt 00:00:08]} Nf6
{[%clk 00:15:39]} {[%emt 00:00:01]} 5. g3 {[%clk 00:15:30]} {[%emt 00:00:10]}
e6 {[%clk 00:15:43]} {[%emt 00:00:06]} 6. Bg2 {[%clk 00:15:38]} {[%emt
00:00:02]} Be7 {[%clk 00:15:51]} {[%emt 00:00:02]} 7. O-O {[%clk 00:15:45]}
{[%emt 00:00:03]} O-O {[%clk 00:15:58]} {[%emt 00:00:03]} 8. c4 {[%clk
00:15:52]} {[%emt 00:00:03]} Nbd7 {[%emt 00:00:30]} 9. Nc3 {[%clk 00:15:03]}
{[%emt 00:00:50]} Ne4 {[%clk 00:15:45]} {[%emt 00:00:12]} 10. Qd3 {[%clk
00:13:57]} {[%emt 00:01:15]} f5 {[%clk 00:15:45]} {[%emt 00:00:10]} 11. Nd2
{[%clk 00:13:25]} {[%emt 00:00:41]} d5 {[%clk 00:15:42]} {[%emt 00:00:14]} 12.
f3 {[%clk 00:12:40]} {[%emt 00:00:55]} Nxc3 {[%clk 00:08:52]} {[%emt 00:07:00]}
13. Bxc3 {[%clk 00:12:47]} {[%emt 00:00:02]} c5 {[%clk 00:09:01]} {[%emt
00:00:02]} 14. e3 {[%clk 00:09:27]} {[%emt 00:03:30]} Nf6 {[%clk 00:09:09]}
{[%emt 00:00:02]} 15. dxc5 {[%clk 00:07:14]} {[%emt 00:02:22]} Bxc5 {[%clk
00:07:12]} {[%emt 00:02:08]} 16. b4 {[%clk 00:07:22]} {[%emt 00:00:03]} Be7
{[%clk 00:07:20]} 17. Nb3 {[%clk 00:04:18]} {[%emt 00:03:14]} dxc4 {[%clk
00:05:21]} {[%emt 00:02:09]} 18. Qxc4 {[%clk 00:04:27]} {[%emt 00:00:01]} Qc8
{[%clk 00:05:30]} {[%emt 00:00:01]} 19. Qxc8 {[%clk 00:04:07]} {[%emt
00:00:29]} Raxc8 {[%clk 00:05:38]} {[%emt 00:00:02]} 20. Rac1 {[%clk 00:03:45]}
{[%emt 00:00:33]} Nd5 {[%clk 00:05:40]} {[%emt 00:00:08]} 21. Bd2 {[%clk
00:02:03]} {[%emt 00:01:52]} Nxb4 {[%clk 00:05:30]} {[%emt 00:00:20]} 22. Bxb4
{[%clk 00:01:32]} {[%emt 00:00:41]} Bxb4 {[%clk 00:05:36]} {[%emt 00:00:03]} 23.
Rfd1 {[%clk 00:01:37]} {[%emt 00:00:06]} Rxc1 {[%clk 00:04:06]} {[%emt
00:01:39]} 24. Rxc1 {[%clk 00:01:44]} {[%emt 00:00:02]} Rc8 {[%clk 00:04:16]}
25. Rb1 {[%clk 00:01:38]} {[%emt 00:00:17]} Rc3 {[%clk 00:03:31]} {[%emt
00:00:54]} 26. Nd4 {[%clk 00:01:03]} {[%emt 00:00:45]} Bc5 {[%clk 00:03:19]}
{[%emt 00:00:22]} 27. Nxe6 {[%clk 00:01:12]} {[%emt 00:00:02]} Bxe3+ {[%clk
00:03:10]} {[%emt 00:00:19]} 28. Kh1 {[%clk 00:01:21]} Bd5 {[%clk 00:03:03]}
{[%emt 00:00:18]} 29. Nf4 {[%clk 00:01:02]} {[%emt 00:00:29]} Bxa2 {[%clk
00:03:03]} {[%emt 00:00:10]} 30. Ra1 {[%clk 00:00:57]} {[%emt 00:00:15]} Rc1+
{[%clk 00:03:09]} {[%emt 00:00:04]} 31. Rxc1 {[%clk 00:01:06]} {[%emt
00:00:01]} Bxc1 {[%clk 00:03:17]} {[%emt 00:00:01]} 32. Nd3 {[%clk 00:01:12]}
{[%emt 00:00:05]} Ba3 {[%clk 00:02:57]} {[%emt 00:00:30]} 33. f4 {[%clk
00:01:20]} {[%emt 00:00:03]} Bc4 {[%clk 00:03:01]} {[%emt 00:00:05]} 34. Ne5
{[%clk 00:01:28]} {[%emt 00:00:02]} Be6 {[%clk 00:02:59]} {[%emt 00:00:12]} 35.
Bc6 {[%clk 00:01:37]} {[%emt 00:00:02]} a6 {[%clk 00:02:56]} {[%emt 00:00:12]}
36. Bb7 {[%clk 00:01:40]} {[%emt 00:00:07]} a5 {[%clk 00:02:12]} {[%emt
00:00:53]} 37. Bc6 {[%clk 00:01:43]} {[%emt 00:00:06]} Bd6 {[%clk 00:02:13]}
{[%emt 00:00:09]} 38. Nd7 {[%clk 00:01:34]} {[%emt 00:00:20]} Bc7 {[%clk
00:01:59]} {[%emt 00:00:23]} 39. Kg2 {[%clk 00:01:42]} {[%emt 00:00:03]} Kf7
{[%clk 00:02:00]} {[%emt 00:00:09]} 40. Kf2 {[%clk 00:01:30]} {[%emt 00:00:22]}
Ke7 {[%clk 00:02:04]} {[%emt 00:00:05]} 41. Ne5 {[%clk 00:01:39]} {[%emt
00:00:01]} Bxe5 {[%clk 00:02:06]} {[%emt 00:00:09]} 42. fxe5 {[%clk 00:01:46]}
{[%emt 00:00:03]} Bd7 {[%clk 00:01:52]} {[%emt 00:00:24]} 43. Bd5 {[%clk
00:01:54]} {[%emt 00:00:03]} b5 {[%clk 00:02:00]} {[%emt 00:00:01]} 44. Ke3
{[%clk 00:02:02]} {[%emt 00:00:02]} b4 {[%clk 00:02:05]} {[%emt 00:00:05]} 45.
Kd4 {[%clk 00:02:00]} {[%emt 00:00:12]} a4 {[%clk 00:01:51]} {[%emt 00:00:24]}
46. Kc5 {[%clk 00:01:50]} {[%emt 00:00:20]} b3 {[%clk 00:01:44]} {[%emt
00:00:17]} 47. Kb4 {[%clk 00:01:52]} {[%emt 00:00:07]} Be6 {[%clk 00:01:46]}
{[%emt 00:00:08]} 0-1

[ePGN "0.1;DGT LiveChess/2.2.6"]

[Event "Campeonato de España Universitario 2024"]
[Site "Zaragoza, Spain"]
[Date "2024.04.23"]
[Round "4.1"]
[White "Lianes Garcia, Marcos"]
[Black "Sanz Wawer, Daniel"]
[Result "1-0"]
[WhiteFideId "32060777"]
[BlackFideId "1185543"]
[WhiteElo "2388"]
[BlackElo "2217"]

1. g3 {[%clk 00:15:15]} {[%emt 00:00:04]} Nf6 {[%clk 00:15:17]} {[%emt
00:00:03]} 2. Bg2 {[%clk 00:15:24]} {[%emt 00:00:01]} d5 {[%clk 00:15:20]}
{[%emt 00:00:08]} 3. d4 {[%clk 00:15:32]} {[%emt 00:00:02]} e6 {[%clk
00:15:04]} {[%emt 00:00:25]} 4. Nf3 {[%clk 00:15:36]} {[%emt 00:00:05]} Be7
{[%clk 00:15:00]} {[%emt 00:00:14]} 5. O-O {[%clk 00:15:38]} {[%emt 00:00:08]}
O-O {[%clk 00:15:06]} {[%emt 00:00:05]} 6. c4 {[%clk 00:15:47]} {[%emt
00:00:02]} c6 {[%clk 00:15:07]} {[%emt 00:00:09]} 7. Nbd2 {[%clk 00:14:39]}
{[%emt 00:01:17]} Nbd7 {[%clk 00:14:36]} {[%emt 00:00:41]} 8. b3 {[%clk
00:14:30]} {[%emt 00:00:20]} b6 {[%clk 00:14:22]} {[%emt 00:00:24]} 9. Qc2
{[%clk 00:13:41]} {[%emt 00:00:59]} Ba6 {[%clk 00:13:27]} {[%emt 00:01:05]} 10.
Bb2 {[%clk 00:13:07]} {[%emt 00:00:44]} Rc8 {[%clk 00:13:27]} {[%emt 00:00:10]}
11. e4 {[%clk 00:11:43]} {[%emt 00:01:34]} c5 {[%clk 00:13:07]} {[%emt
00:00:30]} 12. e5 {[%clk 00:09:00]} {[%emt 00:02:52]} Ng4 {[%clk 00:12:27]}
{[%emt 00:00:50]} 13. h3 {[%clk 00:08:14]} {[%emt 00:00:57]} Nh6 {[%clk
00:12:33]} {[%emt 00:00:03]} 14. Rfe1 {[%clk 00:08:09]} {[%emt 00:00:15]} dxc4
{[%clk 00:09:37]} {[%emt 00:03:06]} 15. bxc4 {[%clk 00:07:42]} {[%emt
00:00:37]} cxd4 {[%clk 00:09:45]} {[%emt 00:00:02]} 16. Nxd4 {[%clk 00:07:47]}
{[%emt 00:00:05]} Qc7 {[%clk 00:09:42]} {[%emt 00:00:13]} 17. Rac1 {[%clk
00:06:13]} {[%emt 00:01:45]} Nc5 {[%clk 00:07:42]} {[%emt 00:02:10]} 18. g4
{[%clk 00:05:45]} {[%emt 00:00:38]} Bg5 {[%clk 00:07:02]} {[%emt 00:00:49]} 19.
Rcd1 {[%clk 00:05:08]} {[%emt 00:00:48]} Rfd8 {[%clk 00:03:26]} {[%emt
00:03:46]} 20. N2f3 {[%clk 00:03:09]} {[%emt 00:02:08]} Be7 {[%clk 00:03:15]}
{[%emt 00:00:21]} 21. Re2 {[%clk 00:00:40]} {[%emt 00:02:40]} Nb7 {[%clk
00:02:39]} {[%emt 00:00:46]} 22. Nd2 {[%clk 00:00:30]} {[%emt 00:00:20]} Na5
{[%clk 00:02:45]} {[%emt 00:00:04]} 23. Qb1 {[%clk 00:00:28]} {[%emt 00:00:12]}
Bc5 {[%clk 00:02:05]} {[%emt 00:00:50]} 24. Nb5 {[%clk 00:00:30]} {[%emt
00:00:09]} Qe7 {[%clk 00:02:05]} {[%emt 00:00:10]} 25. a4 {[%clk 00:00:29]}
{[%emt 00:00:11]} Bb4 {[%clk 00:01:54]} {[%emt 00:00:21]} 26. Be4 {[%clk
00:00:24]} {[%emt 00:00:16]} Qh4 {[%clk 00:01:29]} {[%emt 00:00:34]} 27. Kg2
{[%clk 00:00:23]} {[%emt 00:00:10]} Bxd2 {[%clk 00:00:44]} {[%emt 00:00:55]} 28.
Rexd2 {[%clk 00:00:32]} {[%emt 00:00:02]} Rxd2 {[%clk 00:00:48]} {[%emt
00:00:05]} 29. Rxd2 {[%clk 00:00:40]} {[%emt 00:00:01]} Nxc4 {[%clk 00:00:40]}
{[%emt 00:00:18]} 30. Rd7 {[%clk 00:00:45]} {[%emt 00:00:05]} Bxb5 {[%clk
00:00:35]} {[%emt 00:00:15]} 31. axb5 {[%clk 00:00:52]} {[%emt 00:00:03]} Nxb2
{[%clk 00:00:25]} {[%emt 00:00:20]} 32. Qxb2 {[%clk 00:01:01]} {[%emt
00:00:02]} Nxg4 {[%clk 00:00:31]} {[%emt 00:00:04]} 33. Bb7 {[%clk 00:01:02]}
{[%emt 00:00:09]} Rc3 {[%clk 00:00:13]} {[%emt 00:00:28]} 34. hxg4 {[%clk
00:00:34]} {[%emt 00:00:38]} Qxg4+ {[%clk 00:00:22]} 35. Kf1 {[%clk 00:00:39]}
{[%emt 00:00:05]} Qc4+ {[%clk 00:00:31]} {[%emt 00:00:01]} 36. Qe2 {[%clk
00:00:23]} {[%emt 00:00:26]} Rc1+ {[%clk 00:00:35]} {[%emt 00:00:06]} 37. Kg2
{[%clk 00:00:32]} Qh4 {[%clk 00:00:43]} {[%emt 00:00:02]} 38. Rd1 {[%clk
00:00:38]} {[%emt 00:00:05]} Qg5+ {[%clk 00:00:33]} {[%emt 00:00:19]} 39. Kf1
{[%clk 00:00:46]} {[%emt 00:00:02]} Rc5 {[%clk 00:00:15]} {[%emt 00:00:28]} 40.
Qd2 {[%clk 00:00:51]} {[%emt 00:00:05]} h6 {[%clk 00:00:14]} {[%emt 00:00:12]}
41. Qxg5 {[%clk 00:00:49]} {[%emt 00:00:12]} hxg5 {[%clk 00:00:23]} 42. Rd8+
{[%clk 00:00:44]} {[%emt 00:00:15]} Kh7 {[%clk 00:00:32]} 43. Be4+ {[%clk
00:00:49]} {[%emt 00:00:05]} g6 {[%clk 00:00:41]} 44. Rd7 {[%clk 00:00:43]}
{[%emt 00:00:17]} Kg7 {[%clk 00:00:34]} {[%emt 00:00:17]} 45. Bd3 {[%clk
00:00:48]} {[%emt 00:00:05]} Rxe5 {[%clk 00:00:33]} {[%emt 00:00:10]} 46. Rxa7
{[%clk 00:00:56]} {[%emt 00:00:02]} Rd5 {[%clk 00:00:38]} {[%emt 00:00:05]} 47.
Ke2 {[%clk 00:01:05]} {[%emt 00:00:02]} Kf6 {[%clk 00:00:36]} {[%emt 00:00:11]}
48. Rb7 {[%clk 00:01:13]} {[%emt 00:00:02]} Rd6 {[%clk 00:00:44]} {[%emt
00:00:02]} 49. Be4 {[%clk 00:01:22]} {[%emt 00:00:02]} Ke5 {[%clk 00:00:47]}
{[%emt 00:00:07]} 50. Bc6 {[%clk 00:01:31]} {[%emt 00:00:01]} f5 {[%clk
00:00:53]} {[%emt 00:00:04]} 51. Rxb6 {[%clk 00:01:39]} {[%emt 00:00:02]} g4
{[%clk 00:01:01]} {[%emt 00:00:01]} 52. Rb8 {[%clk 00:01:44]} {[%emt 00:00:06]}
f4 {[%clk 00:01:05]} {[%emt 00:00:06]} 53. Rg8 {[%clk 00:01:51]} {[%emt
00:00:03]} Kf5 {[%clk 00:01:01]} {[%emt 00:00:13]} 54. Rf8+ {[%clk 00:01:57]}
{[%emt 00:00:05]} Ke5 {[%clk 00:01:09]} {[%emt 00:00:02]} 55. Rg8 {[%clk
00:02:05]} {[%emt 00:00:03]} Kf5 {[%clk 00:01:18]} {[%emt 00:00:01]} 56. Rc8
{[%clk 00:02:10]} {[%emt 00:00:04]} f3+ {[%clk 00:00:59]} {[%emt 00:00:29]} 57.
Ke3 {[%clk 00:02:05]} {[%emt 00:00:15]} Rd1 {[%clk 00:01:06]} {[%emt 00:00:04]}
58. b6 {[%clk 00:01:54]} {[%emt 00:00:21]} Re1+ {[%clk 00:01:15]} 59. Kd3
{[%clk 00:01:48]} {[%emt 00:00:16]} g3 {[%clk 00:00:30]} {[%emt 00:00:55]} 60.
fxg3 {[%clk 00:01:50]} {[%emt 00:00:08]} Kg4 {[%clk 00:00:36]} {[%emt
00:00:03]} 61. Rf8 {[%clk 00:01:48]} {[%emt 00:00:12]} Rb1 {[%clk 00:00:14]}
{[%emt 00:00:33]} 62. Bxf3+ {[%clk 00:01:50]} {[%emt 00:00:08]} Kxg3 {[%clk
00:00:23]} 63. b7 {[%clk 00:01:59]} {[%emt 00:00:02]} 1-0